Detalles MARC
| 000 -LIDER |
| fixed length control field |
01350nam a22002897a 4500 |
| 003 - IDENTIFICACDOR DE NÚMERO DE CONTROL |
| control field |
DO-SdBNP |
| 005 - DATE AND TIME OF LATEST TRANSACTION |
| control field |
20180312150856.0 |
| 008 - ELEMENTOS DE LONGITUD FIJA |
| fixed length control field |
160509b 2001 dr 00| 0 spa d |
| 040 ## - FUENTE DE CATALOGACIÓN |
| Agencia que crea de manera original el registro |
BPMSU |
| Idioma de catalogación |
spa |
| Agencia que realiza la transcripción |
BPMSU |
| 082 #4 - NÚMERO DE CLASIFICACIÓN DECIMAL DE DEWEY |
| Classification number |
372.5 |
| Item number |
R457e 3 |
| 100 1# - ASIENTO PRINCIPAL -- NOMBRE PERSONAL |
| Nombre personal |
Reyes, Juana |
| 245 1# - MENCIÓN DE TITULO |
| Título |
Educación artística 2 / |
| Mención de responsabilidad |
Juana Reyes ; edición José Molinaza ; ilustraciones Francisco Suárez |
| 250 ## - MENCIÓN DE EDICION |
| Mención de edición |
3a. ed. |
| 260 ## - PUBLICACIÓN, DISTRIBUCIÓN, ETC. (PIE DE IMPRENTA) |
| Lugar de publicación, distribución, etc |
Santo Domingo : |
| Nombre del editor, distribuidor, etc. |
Secretaría de Estado de Educación ; |
| Fecha de publicación, distribución, etc |
2001. |
| 300 ## - DESCRIPCIÓN FÍSICA |
| Extensión |
156 p. : |
| Otros detalles físicos |
ils. ; |
| Dimensiones |
27 cm. |
| 505 ## - NOTA DE CONTENIDO |
| Título |
Nos rodean los sonidos -- |
| -- |
Me gusta jugar y cantar -- |
| -- |
De fiesta con mis amigos -- |
| -- |
Yo quiero ser .... -- |
| -- |
!Calle, callecita¡ -- |
| -- |
Mi patria y mi bandera -- |
| -- |
Alegría de colores -- |
| -- |
Celebro el carnaval -- |
| -- |
Me gustan las frutas -- |
| -- |
Te quiero proteger -- |
| -- |
Animales especiales -- |
| -- |
Llegarón las vacaciones -- |
| -- |
Fantasía de todos los días. |
| 650 #4 - ENCABEZAMIENTO DE MATERIA--TEMÁTICO |
| Término temático o nombre geográfico como elemento de entrada |
ARTE |
| Subdivisión temática general |
ENSEÑANZA BÁSICA |
| 650 #4 - ENCABEZAMIENTO DE MATERIA--TEMÁTICO |
| Término temático o nombre geográfico como elemento de entrada |
ARTE |
| Subdivisión temática general |
ENSEÑANZA |
| -- |
ESTUDIOS Y EJERCICIOS |
| 650 #4 - ENCABEZAMIENTO DE MATERIA--TEMÁTICO |
| Término temático o nombre geográfico como elemento de entrada |
ARTE |
| Subdivisión temática general |
ENSEÑANZA |
| -- |
LIBROS DE TEXTOS |
| 650 #4 - ENCABEZAMIENTO DE MATERIA--TEMÁTICO |
| Término temático o nombre geográfico como elemento de entrada |
ARTE |
| Subdivisión temática general |
ENSEÑANZA |
| -- |
EDUCACIÓN PRIMARIA |
| 650 #4 - ENCABEZAMIENTO DE MATERIA--TEMÁTICO |
| Término temático o nombre geográfico como elemento de entrada |
EDUCACIÓN PRIMARIA |
| Subdivisión geográfica |
REPÚBLICA DOMINICANA |
| 700 1# - ASIENTO SECUNDARIO -- NOMBRE PERSONAL |
| Nombre personal |
Molinaza, José, |
| Mención de responsabilidad |
ed. |
| 700 1# - ASIENTO SECUNDARIO -- NOMBRE PERSONAL |
| Nombre personal |
Suárez Francisco, |
| Mención de responsabilidad |
il. |
| 942 ## - ADDED ENTRY ELEMENTS (KOHA) |
| Source of classification or shelving scheme |
Dewey Decimal Classification |
| Koha item type |
Libros |
| 945 ## - INFORMACIÓN DE PROCESAMIENTO LOCAL |
| Información de procesamiento local |
inventariado, 2018 / dg Remanejada para la BNPHU 2018 / BT |
| 956 ## - LOCAL ELECTRONIC LOCATION AND ACCESS (OCLC) |
| Nombre de host |
BTAVÁREZ |
| Número de acceso |
10 |
| Información de compresión |
BPMSU |
| Trayectoria |
20180307 |
| Nombre Electrónico |
0038 |